|
|
|
|
| LEADER |
00000cam a2200000 c 4500 |
| 001 |
020227485 |
| 003 |
DE-627 |
| 005 |
20260206202130.0 |
| 007 |
tu |
| 008 |
920101s1988 gw ||||| 00| ||ger c |
| 015 |
|
|
|a 87,N44,0173
|2 dnb
|
| 015 |
|
|
|a 87,N44,0173
|2 dnb
|
| 016 |
7 |
|
|a 871260271
|2 DE-101
|
| 020 |
|
|
|a 9783621270366
|9 978-3-621-27036-6
|
| 020 |
|
|
|a 3621270361
|9 3-621-27036-1
|
| 035 |
|
|
|a (DE-627)020227485
|
| 035 |
|
|
|a (DE-603)315748249
|
| 035 |
|
|
|a (DE-576)013639412
|
| 035 |
|
|
|a (DE-599)GBV020227485
|
| 035 |
|
|
|a (OCoLC)165888582
|
| 035 |
|
|
|a (OCoLC)310798950
|
| 035 |
|
|
|a (OCoLC)165888582
|
| 035 |
|
|
|a (DE-H357)his5937
|
| 040 |
|
|
|a DE-627
|b ger
|c DE-627
|e rakwb
|
| 041 |
|
|
|a ger
|h eng
|
| 044 |
|
|
|c XA-DE
|
| 060 |
|
0 |
|a QH 475
|
| 084 |
|
|
|a BIO 270
|2 sfb
|
| 084 |
|
|
|a S 905
|2 sfb
|
| 084 |
|
|
|a 32
|2 sdnb
|
| 084 |
|
|
|a 32
|a 14
|2 sdnb
|
| 084 |
|
|
|a CR 1000
|2 rvk
|0 (DE-625)rvk/19030:
|
| 084 |
|
|
|2 rvk
|0 (DE-625)rvk17661
|
| 084 |
|
|
|a CV 6800
|2 rvk
|0 (DE-625)rvk/19166:
|
| 084 |
|
|
|a CZ 1000
|2 rvk
|0 (DE-625)rvk/19225:
|
| 084 |
|
|
|a MR 3600
|2 rvk
|0 (DE-625)rvk/123506:
|
| 084 |
|
|
|a MR 6000
|2 rvk
|0 (DE-625)rvk/123527:
|
| 084 |
|
|
|a WB 4000
|2 rvk
|0 (DE-625)rvk/147978:
|
| 084 |
|
|
|a WT 6504
|2 rvk
|0 (DE-625)rvk/152008:13428
|
| 084 |
|
|
|a YH 2500
|2 rvk
|0 (DE-625)rvk/153529:12905
|
| 084 |
|
|
|a 42.02
|2 bkl
|
| 084 |
|
|
|a 42.88
|2 bkl
|
| 100 |
1 |
|
|a Lewontin, Richard C.
|d 1929-2021
|0 (DE-588)12215293X
|0 (DE-627)081767722
|0 (DE-576)161979114
|4 aut
|
| 109 |
|
|
|a Lewontin, Richard C. 1929-2021
|a Lewontin, Richard Charles 1929-2021
|a Lewontin, R. C. 1929-2021
|a Lewontin, Richard 1929-2021
|
| 240 |
1 |
0 |
|a Not in our genes <dt.>
|
| 245 |
1 |
4 |
|a Die Gene sind es nicht ...
|b Biologie, Ideologie und menschliche Natur
|c Richard C. Lewontin; Steven Rose; Leon J. Kamin. Übers. von Helmut Skowronek ...
|
| 264 |
|
1 |
|a München
|a Weinheim
|b Psychologie-Verl.-Union
|c 1988
|
| 300 |
|
|
|a IX, 264 S.
|b graph. Darst.,
|
| 336 |
|
|
|a Text
|b txt
|2 rdacontent
|
| 337 |
|
|
|a ohne Hilfsmittel zu benutzen
|b n
|2 rdamedia
|
| 338 |
|
|
|a Band
|b nc
|2 rdacarrier
|
| 490 |
0 |
|
|a Begabungs- und Persönlichkeitsforschung
|
| 500 |
|
|
|a Literaturverzeichnis Seite 240 - 256
|
| 583 |
1 |
|
|a Archivierung/Langzeitarchivierung gewährleistet
|f PEBW
|x XA-DE-BW
|2 pdager
|5 DE-31
|
| 650 |
|
0 |
|a Genetics, Medical
|
| 650 |
|
0 |
|a Nature
|
| 650 |
|
0 |
|a Personality
|
| 650 |
|
2 |
|a Evolution
|
| 650 |
|
2 |
|a Genetics, Behavioral
|
| 650 |
|
2 |
|a Philosophy
|
| 650 |
0 |
7 |
|0 (DE-588)4069490-2
|0 (DE-627)106103369
|0 (DE-576)20917692X
|a Soziobiologie
|2 gnd
|
| 650 |
|
4 |
|a Biosoziologie
|
| 650 |
|
4 |
|a Umwelt
|
| 650 |
|
4 |
|a Intelligenzforschung
|
| 650 |
|
4 |
|a Sozialstruktur
|
| 650 |
|
4 |
|a Gesellschaftsstruktur
|
| 650 |
|
4 |
|a Biologie
|
| 650 |
|
4 |
|a Ideologie
|
| 650 |
|
4 |
|a Gesellschaftstheorie
|
| 650 |
|
4 |
|a Ideologiekritik
|
| 650 |
|
4 |
|a Genetik, Ideologie, psychische Störung, Determinismus
|
| 689 |
0 |
0 |
|d s
|0 (DE-588)4069490-2
|0 (DE-627)106103369
|0 (DE-576)20917692X
|a Soziobiologie
|2 gnd
|
| 689 |
0 |
|
|5 DE-101
|
| 689 |
1 |
0 |
|d s
|0 (DE-588)4072653-8
|0 (DE-627)106094564
|0 (DE-576)209187786
|a Humangenetik
|2 gnd
|
| 689 |
1 |
1 |
|d s
|0 (DE-588)4026486-5
|0 (DE-627)106288180
|0 (DE-576)208966552
|a Ideologie
|2 gnd
|
| 689 |
1 |
|
|5 (DE-627)
|
| 689 |
2 |
0 |
|d s
|0 (DE-588)4069490-2
|0 (DE-627)106103369
|0 (DE-576)20917692X
|a Soziobiologie
|2 gnd
|
| 689 |
2 |
|
|5 (DE-627)
|
| 700 |
1 |
|
|8 1\p
|a Rose, Steven P. R.
|d 1938-2025
|0 (DE-588)121937550
|0 (DE-627)08163272X
|0 (DE-576)301258945
|4 aut
|
| 700 |
1 |
|
|8 2\p
|a Kamin, Leon J.
|d 1927-
|0 (DE-588)1056079142
|0 (DE-627)793949939
|0 (DE-576)412090880
|4 aut
|
| 700 |
1 |
|
|a Skowronek, Helmut
|e Übers.
|4 oth
|
| 700 |
1 |
|
|a Rose, Steven P. R.
|d 1938-2025
|0 (DE-588)121937550
|0 (DE-627)08163272X
|0 (DE-576)301258945
|4 oth
|
| 700 |
1 |
|
|a Kamin, Leon J.
|d 1927-
|0 (DE-588)1056079142
|0 (DE-627)793949939
|0 (DE-576)412090880
|4 oth
|
| 700 |
1 |
2 |
|a Lewontin, Richard C.
|d 1929-2021
|t Not in our genes <dt.>
|
| 856 |
4 |
2 |
|u http://d-nb.info/871260271/04
|m B:DE-101
|q application/pdf
|v 20130501
|x Verlag
|3 Inhaltsverzeichnis
|7 1
|
| 856 |
4 |
2 |
|u http://scans.hebis.de/HEBCGI/show.pl?31574824_toc.pdf
|m V:DE-603;B:DE-17
|q application/pdf
|3 Inhaltsverzeichnis
|7 1
|
| 883 |
|
|
|8 1\p
|a cgwrk
|d 20241001
|q DE-101
|u https://d-nb.info/provenance/plan#cgwrk
|
| 883 |
|
|
|8 2\p
|a cgwrk
|d 20241001
|q DE-101
|u https://d-nb.info/provenance/plan#cgwrk
|
| 889 |
|
|
|w (DE-627)273930176
|
| 889 |
|
|
|w (DE-627)024911879
|
| 935 |
|
|
|i Blocktest
|
| 936 |
r |
v |
|a CR 1000
|b Einführung, Grundfragen, Lehrbücher, Kompendien
|k Psychologie
|k Differentielle Psychologie (Persönlichkeitspsychologie)
|k Einführung, Grundfragen, Lehrbücher, Kompendien
|0 (DE-627)1270708767
|0 (DE-625)rvk/19030:
|0 (DE-576)200708767
|
| 936 |
r |
v |
|0 (DE-625)rvk17661
|
| 936 |
r |
v |
|a CV 6800
|b Soziale Normen, soziale Rolle, sozialer Status
|k Psychologie
|k Sozialpsychologie
|k Soziale Normen, soziale Rolle, sozialer Status
|0 (DE-627)1271480816
|0 (DE-625)rvk/19166:
|0 (DE-576)201480816
|
| 936 |
r |
v |
|a CZ 1000
|b Physiologische Psychologie
|k Psychologie
|k Grenzgebiete der Psychologie
|k Physiologische Psychologie
|0 (DE-627)1270798731
|0 (DE-625)rvk/19225:
|0 (DE-576)200798731
|
| 936 |
r |
v |
|a MR 3600
|b Soziologie und Naturwissenschaften
|k Soziologie
|k Sozialwissenschaftliche Theorien und Methoden
|k Das Verhältnis der Soziologie zu anderen Wissenschaften
|k Soziologie und Naturwissenschaften
|0 (DE-627)1271428091
|0 (DE-625)rvk/123506:
|0 (DE-576)201428091
|
| 936 |
r |
v |
|a MR 6000
|b Allgemeine (sozial-) psychologische Theorien und Textsammlungen
|k Soziologie
|k Sozialwissenschaftliche Theorien und Methoden
|k Psychologische Ansätze
|k Allgemeine (sozial-) psychologische Theorien und Textsammlungen
|0 (DE-627)1271428210
|0 (DE-625)rvk/123527:
|0 (DE-576)201428210
|
| 936 |
r |
v |
|a WB 4000
|b Biologie und Philosophie, Erkenntnis- und Wissenschaftstheorie
|k Biologie
|k Bibliografien und Nachschlagewerke, Geschichte und Didaktik, Lehrbücher der Biologie
|k Biologie und Philosophie, Erkenntnis- und Wissenschaftstheorie
|0 (DE-627)1271482479
|0 (DE-625)rvk/147978:
|0 (DE-576)201482479
|
| 936 |
r |
v |
|a WT 6504
|b Homo
|k Biologie
|k Verhaltensforschung und Tierpsychologie
|k Genetische Grundlagen des Verhaltens
|k Einzelne biologische Disziplinen
|k Homo
|0 (DE-627)1271569981
|0 (DE-625)rvk/152008:13428
|0 (DE-576)201569981
|
| 936 |
r |
v |
|a YH 2500
|b Allgemeines
|k Medizin
|k Psychiatrie, Medizinische Psychologie
|k Allgemeine Psychiatrie/Medizinische Psychologie
|k Konstitutionstyp und Vererbung in der Psychiatrie
|k Allgemeines
|0 (DE-627)1271681226
|0 (DE-625)rvk/153529:12905
|0 (DE-576)201681226
|
| 936 |
b |
k |
|a 42.02
|j Philosophie und Theorie der Biologie
|0 (DE-627)106416693
|
| 936 |
b |
k |
|a 42.88
|j Physische Anthropologie
|0 (DE-627)106405799
|
| 936 |
s |
n |
|a c100
|2 mzub
|
| 936 |
s |
n |
|a c200
|2 mzub
|
| 936 |
s |
n |
|a m200
|2 mzub
|
| 936 |
s |
n |
|a w100
|2 mzub
|
| 936 |
s |
n |
|a w200
|2 mzub
|
| 938 |
1 |
0 |
|0 (DE-627)175618271X
|0 (DE-615)6605158
|a Ideologie
|2 fivt
|
| 951 |
|
|
|a BO
|
| ELC |
|
|
|b 1
|
| LOK |
|
|
|0 000 xxxxxcx a22 zn 4500
|
| LOK |
|
|
|0 001 3282328648
|
| LOK |
|
|
|0 003 DE-627
|
| LOK |
|
|
|0 004 020227485
|
| LOK |
|
|
|0 005 20120910095039
|
| LOK |
|
|
|0 008 921201||||||||||||||||ger|||||||
|
| LOK |
|
|
|0 040
|a DE-21-110
|c DE-627
|d DE-21-110
|
| LOK |
|
|
|0 689
|a s
|a Zwillingsstudien
|
| LOK |
|
|
|0 689
|a s
|a Adoptionsstudie
|
| LOK |
|
|
|0 689
|a s
|a Geschlechtsrollen
|
| LOK |
|
|
|0 689
|a s
|a Frühkindliche Hirnschäden
|
| LOK |
|
|
|0 689
|a s
|a Biologische Psychiatrie
|
| LOK |
|
|
|0 689
|a s
|a Soziobiologie
|
| LOK |
|
|
|0 852
|a DE-21-110
|
| LOK |
|
|
|0 852 1
|c L III 21
|m p
|9 00
|
| LOK |
|
|
|0 935
|a k110
|
| LOK |
|
|
|0 936ln
|a 8.5.5
|
| LOK |
|
|
|0 938
|k p
|
| LOK |
|
|
|0 939
|a 01-12-92
|b l01
|
| ORI |
|
|
|a SA-MARC-krimdoka001.raw
|
| SIG |
|
|
|a IFK: L III 21
|